000 00630nam a22002177a 4500
999 _c19183
_d19183
003 AR-CdUCM
008 190516b ||||| |||| 00| 0 spa d
020 _a958-614-618-9
040 _aMUNICIPALIDAD PROVINCIAL DEL CUSCO
_cBIBLIOTECA MUNICIPAL DEL CUSCO
082 _a868.94 /
_bC73
100 _aCoelho, Paulo
_940372
245 _aEl alquimista /
260 _aColombia :
_bPlaneta,
_c2001.
300 _a236 páginas ;
_c21 cm.
505 _aContenido: Literatura universal.
650 _aLiteratura universal
_9611
650 _aNovela
_95
650 _aSiglo XX
_98
942 _2ddc
_cLIBROS
945 _adavv
_d2019-05-16